LEADER 01144nam a2200277 u 4500 001 000000092293 003 CaOOAMICUS 005 20070226124925.0 008 060605s1983 it afh u000 u ita u 020 $a880202636X 035 $a11091445 040 $aPUL$bita 100 1 $aBoccaccio, Giovanni,$d1313-1375.$0(OLS)http://pul/name/14762 245 10$aDecameron /$cdi Giovanni Boccaccio ; a cura di Natalino Sapegno. 260 $aTorino :$bUTET,$c1983. 300 $a1004 p., [12] p. di tav. :$bill., facsim. ;$c24 cm 490 1 $aClassici italiani ;$v13 500 $aRistampa del 1983 dalla 1. ed. del 1956. 700 1 $aSapegno, Natalino,$d1901-1990.$0(OLS)http://pul/name/166 830 0$aClassici italiani (UTET) ;$v13.$0(OLS)http://pul/title/6039 850 $aPUL 852 $aPUL$W1$xSL Cons. Gen., Altre Classi 3$y75$m850 COLL 1.13$j116096$nBK-PRI$b $qDDC 21$B116096$CPULBib$Z2$F116096 $HPUL101403 $81 941 1 $a9 996 $6020$a880202636X$9(OLS)http://pul/number/121228 996 $6245$aDecameron$9(OLS)http://pul/title/119134 996 $6260$aTorino :$bUTET$9(OLS)http://pul/publisher/48088 LEADER 01703nas a2200361 a 4500 001 000000174870 003 CaOOAMICUS 005 20250320172352.0 008 220104s2021 it tr p 0 a0ita r 032 $aLibriCat 040 $aPUL$bita 041 0 $aita$ager$aeng$afre 245 04$aUna filosofia dell'essere umano dalle fonti dell'ebraismo : $bstudi in onore di Irene Kajon /$ca cura di Chiara Adorisio, Stefano Bancalari, Francesco Valerio Tommasi. 260 $aPisa ; Roma :$bFabrizio Serra editore,$c2021. 300 $a322 p :$c24 cm. 490 1 $aArchivio di filosofia ;$v89 (2021), n. 1 504 $aBibliografia in nota a pič di pagina. 546 $aContributi in italiano, tedesco, inglese e francese. 600 14$aKajon, Irene.$0(OLS)http://pul/subject/46529 650 4$aEbraismo$xFilosofia.$0(OLS)http://pul/subject/38651 700 1 $aAdorisio, Chiara,$d19-$0(OLS)http://pul/name/112416 700 1 $aBancalari, Stefano,$d1972-$0(OLS)http://pul/name/75485 700 1 $aTommasi, Francesco Valerio.$0(OLS)http://pul/name/75570 830 0$aArchivio di filosofia (Fabrizio Serra) ;$v89 (2021), n. 1.$0(OLS)http://pul/title/134600 850 $aPUL 852 $aPUL$W1$xSL Filosofia 1$y2$m97 L 89.1$j199181$qStampati$B203833$CPULBib$Z2$F203833 $82 941 1 $a8 983 0$aArchivio di filosofia. 983 0$aArchivio di filosofia (Bocca) 983 0$aArchivio di filosofia (CEDAM) 996 $6245$aUna filosofia dell'essere umano dalle fonti dell'ebraismo : $bstudi in onore di Irene Kajon$9(OLS)http://pul/title/216238 996 $6260$aPisa ; Roma :$bFabrizio Serra editore$9(OLS)http://pul/publisher/79401